| 000 -LEADER | |
|---|---|
| fixed length control field | 00395nam a22001457a 4500 |
| 020 ## - INTERNATIONAL STANDARD BOOK NUMBER | |
| ISBN | 978027369380 |
| 050 ## - LIBRARY OF CONGRESS CALL NUMBER | |
| Classification number | HD39 |
| 100 ## - MAIN ENTRY--AUTHOR NAME | |
| Personal name | Lyson, Kenneth |
| 245 ## - TITLE STATEMENT | |
| Title | Purchasing and supply chain management |
| 250 ## - EDITION STATEMENT | |
| Edition statement | 7th ed |
| 260 ## - PUBLICATION, DISTRIBUTION, ETC. (IMPRINT) | |
| Place of publication | Harlow, England |
| Name of publisher | Prentice Hall |
| Year of publication | 2006 |
| 300 ## - PHYSICAL DESCRIPTION | |
| Number of Pages | xix, 709p.:ill.,includes bibliographical references and index |
| 700 ## - ADDED ENTRY--PERSONAL NAME | |
| Personal name | Frarrington, Brian |
| 942 ## - ADDED ENTRY ELEMENTS (KOHA) | |
| Koha item type | Books |
| Koha item type | Collection code | Shelving location | Accession Number | Permanent Location | Current Location | Date acquired | Full call number |
|---|---|---|---|---|---|---|---|
| Books | Lending | Lending | 1140 | Chapman Library | Chapman Library | 2016-04-19 | HD39lys |

